The protection of young workers throughout the world; (Record no. 35699)

MARC details
000 -LEADER
fixed length control field 00940cam a22002411 4500
001 - CONTROL NUMBER
control field l 23000172
003 - CONTROL NUMBER IDENTIFIER
control field DLC
005 - DATE AND TIME OF LATEST TRANSACTION
control field 20260227111529.0
008 - FIXED-LENGTH DATA ELEMENTS--GENERAL INFORMATION
fixed length control field 961002s1922 ne b 000 0 eng
010 ## - LIBRARY OF CONGRESS CONTROL NUMBER
LC control number l 23000172
035 ## - SYSTEM CONTROL NUMBER
System control number (OCoLC)36274359
040 ## - CATALOGING SOURCE
Original cataloging agency DLC
Transcribing agency ICU
Modifying agency DLC
050 00 - LIBRARY OF CONGRESS CALL NUMBER
Classification number K1821
Item number .I57 1922
110 2# - MAIN ENTRY--CORPORATE NAME
Corporate name or jurisdiction name as entry element International Federation of Trade Unions.
245 14 - TITLE STATEMENT
Title The protection of young workers throughout the world;
Remainder of title a summary of the protective legislative measures for young workers in the various countries.
260 ## - PUBLICATION, DISTRIBUTION, ETC.
Place of publication, distribution, etc. Amsterdam,
Name of publisher, distributor, etc. The International Federation of Trade Unions,
Date of publication, distribution, etc. 1922.
300 ## - PHYSICAL DESCRIPTION
Extent 72 p.
Other physical details tables, col. maps.
Dimensions 23 cm.
490 1# - SERIES STATEMENT
Series statement Publications of the International Federation of Trade Unions ;
Volume/sequential designation no. 1
650 #0 - SUBJECT ADDED ENTRY--TOPICAL TERM
Topical term or geographic name entry element Child labor.
650 #0 - SUBJECT ADDED ENTRY--TOPICAL TERM
Topical term or geographic name entry element Children
General subdivision Legal status, laws, etc.
650 #0 - SUBJECT ADDED ENTRY--TOPICAL TERM
Topical term or geographic name entry element Technical education.
810 2# - SERIES ADDED ENTRY--CORPORATE NAME
Corporate name or jurisdiction name as entry element International Federation of Trade Unions.
Title of a work Publications ;
Volume/sequential designation no. 3.

No items available.

Powered by Koha